[Event "Doeberl Cup Minor 47th"]
[Site "Canberra"]
[Date "2009.04.10"]
[Round "1"]
[White "Jochimsen, Erik"]
[Black "Megirian, Rene"]
[Result "1-0"]
[WhiteElo "1303"]
[BlackElo "877"]
[PlyCount "139"]
[EventDate "2009.04.10"]
[EventType "swiss"]
[EventRounds "6"]
[EventCountry "AUS"]
[SourceTitle "CBM 129 Extra"]
[Source "ChessBase"]
[SourceDate "2009.05.05"]
[SourceVersion "2"]
[SourceVersionDate "2009.05.20"]
[SourceQuality "1"]

1. d4 d5 2. e3 Nf6 3. Bd3 e6 4. Nd2 b6 5. Ne2 Bb7 6. Ng3 g6 7. 0-0 Bg7 8. c3 0-0 9. Qc2 Nbd7 10. e4 c5 11. e5 Ng4 12. Be2 Nh6 13. Nf3 Qc7 14. Qd3 Rfe8 15. Be3 Nf5 16. Nxf5 exf5 17. Bf4 Qc6 18. Qb5 a6 19. Qb3 b5 20. a4 bxa4 21. Qxa4 Qxa4 22. Rxa4 Nb6 23. Ra2 c4 24. Ng5 Bh6 25. Nh3 Kg7 26. Bg5 Nd7 27. f4 Re6 28. Bd1 f6 29. Bh4 Kf7 30. Ba4 Bc6 31. Bc2 Bg7 32. Rfa1 Bb5 33. Ra5 Rb8 34. R5a2 h6 35. b4 fxe5 36. fxe5 Nf8 37. Nf4 Rc6 38. Nxd5 Ne6 39. Rf1 Bf8 40. Nf6 Be7 41. d5 Rcb6 42. dxe6+ Rxe6 43. Bg3 Rd8 44. Ne4 Bf8 45. Nd6+ Bxd6 46. exd6 Re3 47. Rf3 Re2 48. Bb3 Rxa2 49. Bxa2 Ke6 50. Re3+ Kd5 51. Re5+ Kc6 52. Re6 Rg8 53. Bb1 Kd7 54. Re7+ Kd8 55. Ra7 Ke8 56. Bc2 Rf8 57. Bd1 Rf7 58. Ra8+ Kd7 59. Bf3 g5 60. Bd5 Rf6 61. Be5 Rg6 62. Bf7 Rxd6 63. Ra7+ Kc6 64. Bxd6 Kxd6 65. Ra8 Ke7 66. Bd5 Kd6 67. Bb7 Bc6 68. Bxc6 Kxc6 69. Rxa6+ Kb5 70. Ra5+ 1-0